| 000 | 01356cam a2200361 a 4500 | ||
|---|---|---|---|
| 001 | 15692688 | ||
| 003 | Nust- CAS-E | ||
| 005 | 20180118181402.0 | ||
| 008 | 090408s2010 fluab b 001 0 eng | ||
| 010 | _a 2009014967 | ||
| 015 |
_aGBA945129 _2bnb |
||
| 016 | 7 |
_a015175510 _2Uk |
|
| 020 | _a9781420075663 | ||
| 020 | _a1420075667 | ||
| 035 | _a(OCoLC)ocn226357399 | ||
| 040 |
_aDLC _cDLC _dBTCTA _dBAKER _dYDXCP _dUKM _dC#P _dOCLCA _dBWX _dCDX _dDLC |
||
| 050 | 0 | 0 |
_aTJ810 _b.S4897 2010 |
| 082 | 0 | 0 |
_a621.47 _222 _bFOS 2010 |
| 100 | 1 |
_aFoster, Robert, _d1962 April 25- |
|
| 245 | 1 | 0 |
_aSolar energy : _brenewable energy and the environment / _cRobert Foster, Majid Ghassemi, Alma Cota. |
| 260 |
_aBoca Raton : _bCRC Press, _cc2010. |
||
| 300 |
_axxvii, 352 p. : _bill., maps ; _c27 cm. |
||
| 490 | 1 | _aEnergy and the environment | |
| 504 | _aIncludes bibliographical references and index. | ||
| 650 | 0 | _aSolar energy. | |
| 650 | 0 |
_aRenewable energy sources _xEnvironmental aspects. |
|
| 700 | 1 |
_aGhassemi, Majid, _d1960- |
|
| 700 | 1 |
_aCota, Alma, _d1972- |
|
| 830 | 0 | _aEnergy and the environment (Boca Raton, Fla.) | |
| 906 |
_a7 _bcbc _corignew _d1 _eecip _f20 _gy-gencatlg |
||
| 942 |
_2ddc _cBK |
||
| 999 |
_c355443 _d355443 |
||